000 00478nam a2200205Ia 4500
003 OSt
005 20260207115948.0
008 210210b2008 xxu||||| |||| 00| 0 eng d
020 _a9789384898403
040 _cAL
041 _aeng
082 _a813.6 GREP
100 _aJohn Green
_9253958
245 _aPaper towns
260 _aNew Delhi
_bBloomsbury
_c2008
300 _aviii,305
690 _aAmerican English Fiction
_9253959
906 _a073909
942 _2ddc
_cBK
999 _c123641
_d123641